[Event "ESP-chT 1st Division 2020"]
[Site "Padron"]
[Date "2020.10.05"]
[Round "3.17"]
[White "Rodriguez Ferreiros, Andres"]
[Black "Martinez Piqueras, Carlos"]
[Result "1/2-1/2"]
[WhiteElo "2133"]
[BlackElo "2200"]
[Annotator "NA"]
[PlyCount "107"]
[EventDate "2020.10.01"]
[EventType "team-tourn"]
[EventCountry "ESP"]
[SourceTitle "playchess.com"]
[Source "ChessBase"]
[SourceQuality "1"]
[TimeControl "5400+30"]

1. e4 {[%emt 0:00:00]} c5 {[%emt 0:00:00]} 2. Nf3 {[%emt 0:00:00]} Nc6 {[%emt 0:00:05]} 3. d4 {[%emt 0:00:00]} cxd4 {[%emt 0:00:06]} 4. Nxd4 {[%emt 0:00:06]} e5 {[%emt 0:00:18]} 5. Nb5 {[%emt 0:00:17]} d6 {[%emt 0:00:06]} 6. N1c3 {[%emt 0:01:50]} a6 {[%emt 0:00:14]} 7. Na3 {[%emt 0:01:00]} Be6 {[%emt 0:00:28]} 8. Nc4 {[%emt 0:08:05]} Rb8 {[%emt 0:00:12]} 9. a4 {[%emt 0:03:57]} Nb4 {[%emt 0:02:37]} 10. Be2 {[%emt 0:14:32]} Rc8 {[%emt 0:19:50]} 11. Nd5 {[%emt 0:05:45]} Bxd5 {[%emt 0:16:55]} 12. exd5 {[%emt 0:00:18]} Nf6 {[%emt 0:00:11]} 13. Ne3 {[%emt 0:20:48]} Nfxd5 {[%emt 0:25:15]} 14. c3 {[%emt 0:04:27]} Nxe3 {[%emt 0:00:43]} 15. Bxe3 {[%emt 0:01:48]} Nc6 {[%emt 0:00:06]} 16. Bg4 {[%emt 0:04:18]} Ra8 {[%emt 0:05:04]} 17. Qb3 {[%emt 0:02:48]} Qb8 {[%emt 0:06:14]} 18. O-O {[%emt 0:03:56]} Be7 {[%emt 0:00:31]} 19. Bf3 {[%emt 0:04:15]} O-O {[%emt 0:01:16]} 20. Bd5 {[%emt 0:00:07]} Qc7 {[%emt 0:01:04]} 21. f4 {[%emt 0:02:35]} Bf6 {[%emt 0:04:33]} 22. fxe5 {[%emt 0:01:52]} dxe5 {[%emt 0:04:47]} 23. Qc4 {[%emt 0:02:35]} Rac8 {[%emt 0:02:26]} 24. Qg4 {[%emt 0:03:40]} Qe7 {[%emt 0:03:12]} 25. Rxf6 {[%emt 0:03:40]} Qxf6 {[%emt 0:00:14]} 26. Rf1 {[%emt 0:00:03]} Qg6 {[%emt 0:03:12]} 27. Bxf7+ {[%emt 0:00:31]} Qxf7 {[%emt 0:00:00]} 28. Rxf7 {[%emt 0:00:09]} Kxf7 {[%emt 0:00:02]} 29. Qd7+ {[%emt 0:00:49]} Kg8 {[%emt 0:03:18]} 30. Qxb7 {[%emt 0:00:04]} a5 {[%emt 0:00:51]} 31. b4 {[%emt 0:01:23]} axb4 {[%emt 0:00:11]} 32. cxb4 {[%emt 0:01:38]} Nd4 {[%emt 0:01:04]} 33. h3 {[%emt 0:01:32]} Nf5 {[%emt 0:00:41]} 34. Qd5+ {[%emt 0:00:43]} Kh8 {[%emt 0:00:05]} 35. Bc5 {[%emt 0:00:46]} Rfe8 {[%emt 0:00:22]} 36. a5 {[%emt 0:00:19]} Rcd8 {[%emt 0:00:36]} 37. Qf3 {[%emt 0:00:39]} Nd4 {[%emt 0:00:31]} 38. Qe4 {[%emt 0:00:52]} Nb3 {[%emt 0:00:44]} 39. Be3 {[%emt 0:01:58]} Nd4 {[%emt 0:00:43]} 40. a6 {[%emt 0:00:32]} Ra8 {[%emt 0:00:13]} 41. Bxd4 {[%emt 0:00:35]} exd4 {[%emt 0:00:06]} 42. Qxd4 {[%emt 0:00:16]} Rxa6 {[%emt 0:00:02]} 43. b5 {[%emt 0:00:17]} Rae6 {[%emt 0:01:39]} 44. Qb4 {[%emt 0:01:01]} Rb8 {[%emt 0:00:15]} 45. Qf4 {[%emt 0:02:15]} Reb6 {[%emt 0:00:07]} 46. h4 {[%emt 0:00:18]} Rxb5 {[%emt 0:00:04]} 47. h5 {[%emt 0:00:34]} h6 {[%emt 0:00:21]} 48. Qf3 {[%emt 0:00:34]} Rg5 {[%emt 0:00:54]} 49. Qe2 {[%emt 0:00:39]} Rb1+ {[%emt 0:01:13]} 50. Kf2 {[%emt 0:00:38]} Rbb5 {[%emt 0:00:37]} 51. g4 {[%emt 0:00:55]} Rb4 {[%emt 0:00:33]} 52. Kg3 {[%emt 0:01:08]} Rgb5 {[%emt 0:00:32]} 53. Qe8+ {[%emt 0:00:11]} Kh7 {[%emt 0:00:01]} 54. Qg6+ {[%emt 0:00:16]} 1/2-1/2

[Event "ESP-chT 1st Division 2020"]
[Site "Padron"]
[Date "2020.10.05"]
[Round "3.18"]
[White "Rodrigo Yanguas, Maria"]
[Black "Dorado Meijide, Andrea"]
[Result "0-1"]
[WhiteElo "2077"]
[BlackElo "1779"]
[Annotator "NA"]
[PlyCount "82"]
[EventDate "2020.10.01"]
[EventType "team-tourn"]
[EventCountry "ESP"]
[SourceTitle "playchess.com"]
[Source "ChessBase"]
[SourceQuality "1"]
[TimeControl "5400+30"]

1. e4 {[%emt 0:00:00]} e6 {[%emt 0:00:00]} 2. d4 {[%emt 0:00:00]} d5 {[%emt 0:00:02]} 3. Nd2 {[%emt 0:00:06]} c5 {[%emt 0:00:18]} 4. exd5 {[%emt 0:02:51]} exd5 {[%emt 0:00:09]} 5. dxc5 {[%emt 0:04:48]} Bxc5 {[%emt 0:02:35]} 6. Nb3 {[%emt 0:00:14]} Bb6 {[%emt 0:01:18]} 7. Nf3 {[%emt 0:04:35]} Nf6 {[%emt 0:07:26]} 8. h3 {[%emt 0:03:26]} O-O {[%emt 0:00:29]} 9. Be2 {[%emt 0:00:29]} Ne4 {[%emt 0:00:58]} 10. Nbd4 {[%emt 0:04:07]} Nc6 {[%emt 0:01:59]} 11. O-O {[%emt 0:02:55]} Qf6 {[%emt 0:05:34]} 12. Be3 {[%emt 0:04:08]} Bd7 {[%emt 0:06:49]} 13. c3 {[%emt 0:02:27]} Rad8 {[%emt 0:04:35]} 14. Kh1 {[%emt 0:15:37]} Rfe8 {[%emt 0:02:54]} 15. Qb3 {[%emt 0:03:55]} Ng3+ {[%emt 0:06:47]} 16. fxg3 {[%emt 0:03:53]} Rxe3 {[%emt 0:00:07]} 17. Qxd5 {[%emt 0:16:32]} Be6 {[%emt 0:02:56]} 18. Qh5 {[%emt 0:01:38]} Rd5 {[%emt 0:00:30]} 19. Qh4 {[%emt 0:06:47]} Qxh4 {[%emt 0:00:22]} 20. gxh4 {[%emt 0:01:00]} Nxd4 {[%emt 0:00:17]} 21. Nxd4 {[%emt 0:01:53]} Rxd4 {[%emt 0:02:25]} 22. cxd4 {[%emt 0:00:22]} Rxe2 {[%emt 0:00:07]} 23. Rfe1 {[%emt 0:04:34]} Rxe1+ {[%emt 0:00:43]} 24. Rxe1 {[%emt 0:00:01]} Bxd4 {[%emt 0:00:18]} 25. b3 {[%emt 0:00:44]} g6 {[%emt 0:00:08]} 26. h5 {[%emt 0:00:56]} Kg7 {[%emt 0:00:25]} 27. hxg6 {[%emt 0:01:16]} hxg6 {[%emt 0:00:13]} 28. Kh2 {[%emt 0:01:22]} a5 {[%emt 0:01:27]} 29. Re4 {[%emt 0:01:46]} Bc5 {[%emt 0:01:00]} 30. Kg3 {[%emt 0:03:14]} b5 {[%emt 0:00:53]} 31. Kf4 {[%emt 0:02:24]} Bd5 {[%emt 0:00:59]} 32. Re2 {[%emt 0:00:15]} a4 {[%emt 0:01:07]} 33. Ke5 {[%emt 0:01:00]} Be6 {[%emt 0:00:18]} 34. bxa4 {[%emt 0:01:31]} bxa4 {[%emt 0:00:07]} 35. Rc2 {[%emt 0:01:35]} Be7 {[%emt 0:01:02]} 36. Rf2 {[%emt 0:01:50]} a3 {[%emt 0:00:23]} 37. g4 {[%emt 0:01:20]} Kh6 {[%emt 0:00:30]} 38. Rc2 {[%emt 0:02:15]} Bf8 {[%emt 0:00:11]} 39. Rc6 {[%emt 0:01:09]} Bg7+ {[%emt 0:00:11]} 40. Kf4 {[%emt 0:00:14]} Bb2 {[%emt 0:00:34]} 41. g5+ {[%emt 0:00:48]} Kg7 {[%emt 0:00:13]} 0-1

[Event "ESP-chT 1st Division 2020"]
[Site "Padron"]
[Date "2020.10.05"]
[Round "3.19"]
[White "Pap, Misa"]
[Black "Ladron De Guevara Pinto, Paolo"]
[Result "0-1"]
[WhiteElo "2447"]
[BlackElo "2433"]
[Annotator "ChessBase"]
[PlyCount "128"]
[EventDate "2020.10.01"]
[EventType "team-tourn"]
[EventCountry "ESP"]
[SourceTitle "playchess.com"]
[Source "ChessBase"]
[SourceQuality "1"]
[TimeControl "5400+30"]

1. e4 {[%emt 0:00:00]} e5 {[%emt 0:00:00]} 2. Nf3 {[%emt 0:00:00]} Nc6 {[%emt 0:00:00]} 3. Bb5 {[%emt 0:00:00]} a6 {[%emt 0:00:00]} 4. Ba4 {[%emt 0:00:00]} Nf6 {[%emt 0:00:04]} 5. d3 {[%emt 0:00:41]} d6 {[%emt 0:09:25]} 6. c3 {[%emt 0:05:10]} g6 {[%emt 0:07:31]} 7. O-O {[%emt 0:00:50]} Bg7 {[%emt 0:00:11]} 8. Re1 {[%emt 0:04:32]} O-O {[%emt 0:00:40]} 9. Bxc6 {[%emt 0:00:18]} bxc6 {[%emt 0:00:06]} 10. d4 {[%emt 0:00:18]} Nd7 {[%emt 0:09:40]} 11. Bg5 {[%emt 0:00:17]} f6 {[%emt 0:02:28]} 12. Be3 {[%emt 0:00:23]} Rb8 {[%emt 0:09:32]} 13. Nbd2 {[%emt 0:02:46]} Qe7 {[%emt 0:00:56]} 14. Qc2 {[%emt 0:12:18]} Qf7 {[%emt 0:05:35]} 15. Nb3 {[%emt 0:12:29]} Nb6 {[%emt 0:17:28]} 16. Nfd2 {[%emt 0:01:17]} Re8 {[%emt 0:24:20]} 17. Na5 {[%emt 0:03:55]} Bd7 {[%emt 0:00:17]} 18. b3 {[%emt 0:11:17]} Nc8 {[%emt 0:00:15]} 19. Qd3 {[%emt 0:02:16]} Ne7 {[%emt 0:03:00]} 20. dxe5 {[%emt 0:05:32]} fxe5 {[%emt 0:00:07]} 21. b4 {[%emt 0:00:12]} Ra8 {[%emt 0:00:07]} 22. f3 {[%emt 0:03:52]} Kh8 {[%emt 0:00:17]} 23. Rf1 {[%emt 0:00:50]} Rf8 {[%emt 0:00:36]} 24. a3 {[%emt 0:01:21]} Qf6 {[%emt 0:03:32]} 25. Rf2 {[%emt 0:05:34]} g5 {[%emt 0:01:24]} 26. Rc1 {[%emt 0:01:03]} h6 {[%emt 0:00:49]} 27. Nf1 {[%emt 0:00:23]} Qf7 {[%emt 0:00:36]} 28. Ng3 Kg8 {[%emt 0:00:34]} 29. c4 {[%emt 0:02:12]} Be6 {[%emt 0:01:04]} 30. Nf1 {[%emt 0:02:01]} Rfd8 {[%emt 0:00:18]} 31. g4 {[%emt 0:00:23]} Rd7 {[%emt 0:00:47]} 32. Ng3 {[%emt 0:05:51]} d5 {[%emt 0:00:25]} 33. Qc2 {[%emt 0:02:04]} d4 {[%emt 0:01:06]} 34. Bd2 {[%emt 0:00:06]} Qf6 {[%emt 0:02:37]} 35. Qd3 {[%emt 0:00:18]} Bf8 {[%emt 0:00:54]} 36. Nf5 {[%emt 0:01:14]} Bf7 {[%emt 0:00:19]} 37. h4 {[%emt 0:01:35]} gxh4 {[%emt 0:00:38]} 38. g5 {[%emt 0:03:39]} Qe6 {[%emt 0:00:41]} 39. Nb7 {[%emt 0:02:47]} Ng6 {[%emt 0:00:23]} 40. Rg2 {[%emt 0:00:47]} h5 {[%emt 0:00:07]} 41. Kf2 {[%emt 0:00:31]} Rb8 {[%emt 0:00:04]} 42. Na5 {[%emt 0:00:26]} Kh7 {[%emt 0:00:57]} 43. Rh1 {[%emt 0:00:10]} c5 {[%emt 0:00:03]} 44. Nxh4 {[%emt 0:04:31]} Nxh4 {[%emt 0:00:04]} 45. Rxh4 {[%emt 0:00:12]} cxb4 {[%emt 0:00:08]} 46. axb4 {[%emt 0:00:03]} Bxb4 {[%emt 0:00:41]} 47. Kg3 {[%emt 0:04:17]} Bg6 {[%emt 0:00:43]} 48. Nb3 {[%emt 0:00:43]} Rf7 {[%emt 0:01:35]} 49. Bxb4 {[%emt 0:01:45]} Rxb4 {[%emt 0:00:04]} 50. Nd2 {[%emt 0:00:15]} c5 {[%emt 0:00:19]} 51. Kh2 {[%emt 0:00:36]} a5 {[%emt 0:00:08]} 52. Qe2 {[%emt 0:00:50]} Kg7 {[%emt 0:00:17]} 53. Qd1 {[%emt 0:00:32]} a4 {[%emt 0:00:45]} 54. Nf1 {[%emt 0:00:35]} Rf4 {[%emt 0:00:41]} 55. Rxf4 {[%emt 0:00:36]} exf4 {[%emt 0:00:04]} 56. Qc1 {[%emt 0:00:04]} Qe5 {[%emt 0:00:22]} 57. Nd2 {[%emt 0:00:05]} d3 {[%emt 0:00:45]} 58. Nb1 {[%emt 0:00:22]} Rb3 {[%emt 0:01:46]} 59. Na3 {[%emt 0:00:28]} Bf7 {[%emt 0:00:28]} 60. g6 {[%emt 0:00:09]} Bxg6 {[%emt 0:00:20]} 61. Nb5 {[%emt 0:00:00]} Kh7 {[%emt 0:00:27]} 62. Qd2 {[%emt 0:00:30]} Qf6 {[%emt 0:00:21]} 63. Qf2 {[%emt 0:00:08]} d2 {[%emt 0:00:09]} 64. Qxd2 {[%emt 0:00:14]} Qh4+ {[%emt 0:00:06]} 0-1

[Event "ESP-chT 1st Division 2020"]
[Site "Padron"]
[Date "2020.10.05"]
[Round "3.20"]
[White "Alshameary Puente, Ismael"]
[Black "Pile, Richard"]
[Result "0-1"]
[WhiteElo "2373"]
[BlackElo "2450"]
[Annotator "ChessBase"]
[PlyCount "64"]
[EventDate "2020.10.01"]
[EventType "team-tourn"]
[EventCountry "ESP"]
[SourceTitle "playchess.com"]
[Source "ChessBase"]
[SourceQuality "1"]
[TimeControl "5400+30"]

1. d4 {[%emt 0:00:00]} Nf6 {[%emt 0:00:00]} 2. c4 {[%emt 0:00:00]} e6 {[%emt 0:00:00]} 3. Nc3 {[%emt 0:00:02]} Bb4 {[%emt 0:00:00]} 4. f3 {[%emt 0:00:31]} d5 {[%emt 0:02:43]} 5. a3 {[%emt 0:00:11]} Be7 {[%emt 0:05:31]} 6. e4 {[%emt 0:00:09]} dxe4 {[%emt 0:00:03]} 7. fxe4 {[%emt 0:00:05]} e5 {[%emt 0:00:05]} 8. d5 {[%emt 0:00:26]} Bc5 {[%emt 0:01:13]} 9. Nf3 {[%emt 0:03:12]} Bg4 {[%emt 0:00:42]} 10. h3 {[%emt 0:01:04]} Bxf3 {[%emt 0:00:05]} 11. Qxf3 {[%emt 0:00:05]} Nbd7 {[%emt 0:01:19]} 12. Bd3 {[%emt 0:01:58]} c6 {[%emt 0:09:31]} 13. Bd2 {[%emt 0:21:34]} a5 {[%emt 0:03:39]} 14. Bc2 {[%emt 0:10:06]} O-O {[%emt 0:03:44]} 15. Bg5 {[%emt 0:03:18]} Bd4 {[%emt 0:03:07]} 16. Rb1 {[%emt 0:09:48]} h6 {[%emt 0:13:56]} 17. Bh4 {[%emt 0:03:49]} a4 {[%emt 0:00:18]} 18. Ne2 {[%emt 0:02:26]} Qa5+ {[%emt 0:00:35]} 19. Kf1 {[%emt 0:01:17]} cxd5 {[%emt 0:06:25]} 20. cxd5 {[%emt 0:07:06]} Rac8 {[%emt 0:01:03]} 21. Bd3 {[%emt 0:08:55]} Nh7 {[%emt 0:15:00]} 22. Be1 {[%emt 0:05:05]} Qb6 {[%emt 0:00:13]} 23. h4 {[%emt 0:01:20]} f5 {[%emt 0:10:07]} 24. exf5 {[%emt 0:00:50]} Nhf6 {[%emt 0:00:18]} 25. Nxd4 {[%emt 0:12:43]} exd4 {[%emt 0:00:40]} 26. Bg3 {[%emt 0:00:23]} Rfe8 {[%emt 0:00:13]} 27. Bf4 {[%emt 0:00:16]} Ne5 {[%emt 0:00:49]} 28. Qd1 {[%emt 0:04:11]} Nxd5 {[%emt 0:00:41]} 29. g3 {[%emt 0:01:20]} Nxd3 {[%emt 0:04:32]} 30. Qxd3 {[%emt 0:00:06]} Nxf4 {[%emt 0:04:21]} 31. gxf4 {[%emt 0:00:05]} Re3 {[%emt 0:02:17]} 32. Qd1 {[%emt 0:00:15]} Qd6 {[%emt 0:02:03]} 0-1

[Event "ESP-chT 1st Division 2020"]
[Site "Padron"]
[Date "2020.10.05"]
[Round "3.21"]
[White "Hernando Rodrigo, Julio Antonio"]
[Black "Garrido Outon, Alex"]
[Result "1-0"]
[WhiteElo "2266"]
[BlackElo "2366"]
[Annotator "NA"]
[PlyCount "95"]
[EventDate "2020.10.01"]
[EventType "team-tourn"]
[EventCountry "ESP"]
[SourceTitle "playchess.com"]
[Source "ChessBase"]
[SourceQuality "1"]
[TimeControl "5400+30"]

1. d4 {[%emt 0:00:00]} Nf6 {[%emt 0:00:00]} 2. c4 {[%emt 0:00:00]} g6 {[%emt 0:00:10]} 3. Nc3 {[%emt 0:00:00]} Bg7 {[%emt 0:00:09]} 4. e4 {[%emt 0:00:06]} d6 {[%emt 0:00:22]} 5. h3 {[%emt 0:00:10]} O-O {[%emt 0:00:33]} 6. Nf3 {[%emt 0:00:27]} c5 {[%emt 0:00:39]} 7. d5 {[%emt 0:00:14]} e6 {[%emt 0:00:21]} 8. Bd3 {[%emt 0:00:14]} Na6 {[%emt 0:00:26]} 9. O-O {[%emt 0:00:20]} Nc7 {[%emt 0:01:00]} 10. Rb1 {[%emt 0:02:10]} Rb8 {[%emt 0:04:57]} 11. a4 {[%emt 0:04:58]} e5 {[%emt 0:07:08]} 12. a5 {[%emt 0:06:00]} Na6 {[%emt 0:03:51]} 13. Nb5 {[%emt 0:05:06]} Nb4 {[%emt 0:05:11]} 14. Nxa7 {[%emt 0:03:01]} Qxa5 {[%emt 0:05:49]} 15. Nb5 {[%emt 0:01:04]} Qb6 {[%emt 0:06:56]} 16. Ne1 {[%emt 0:02:17]} Nxd3 {[%emt 0:02:14]} 17. Qxd3 {[%emt 0:00:14]} Nxe4 {[%emt 0:01:02]} 18. Ra1 {[%emt 0:08:36]} f5 {[%emt 0:08:13]} 19. f3 {[%emt 0:08:32]} Ng3 {[%emt 0:04:04]} 20. Rf2 {[%emt 0:00:48]} Bd7 {[%emt 0:06:40]} 21. Kh2 {[%emt 0:09:46]} e4 {[%emt 0:05:13]} 22. Qb3 {[%emt 0:00:47]} Bxb5 {[%emt 0:04:53]} 23. Kxg3 {[%emt 0:00:44]} e3 {[%emt 0:05:16]} 24. Rf1 {[%emt 0:08:48]} Qd8 {[%emt 0:15:12]} 25. cxb5 {[%emt 0:14:21]} Be5+ {[%emt 0:02:15]} 26. f4 {[%emt 0:00:08]} Qg5+ {[%emt 0:00:02]} 27. Kh2 {[%emt 0:00:49]} Bxf4+ {[%emt 0:00:04]} 28. Kg1 {[%emt 0:07:52]} Rbe8 {[%emt 0:00:06]} 29. Rf3 {[%emt 0:01:50]} Re4 {[%emt 0:02:13]} 30. Ra4 {[%emt 0:05:54]} Rfe8 {[%emt 0:00:49]} 31. Nc2 {[%emt 0:04:15]} Qh4 {[%emt 0:01:00]} 32. Rxe4 {[%emt 0:01:18]} fxe4 {[%emt 0:00:09]} 33. Rxf4 {[%emt 0:01:35]} Qxf4 {[%emt 0:00:02]} 34. Bxe3 {[%emt 0:01:14]} Qf5 {[%emt 0:01:15]} 35. b6 {[%emt 0:00:16]} h5 {[%emt 0:01:52]} 36. Na3 {[%emt 0:02:59]} Rf8 {[%emt 0:01:30]} 37. Nb5 {[%emt 0:00:27]} Rf6 {[%emt 0:00:58]} 38. Nc3 {[%emt 0:00:30]} Qf1+ {[%emt 0:01:57]} 39. Kh2 {[%emt 0:00:02]} Qe1 {[%emt 0:00:18]} 40. Nxe4 {[%emt 0:00:41]} Rf1 {[%emt 0:01:18]} 41. Ng3 {[%emt 0:00:09]} Rf7 {[%emt 0:00:09]} 42. Qd3 {[%emt 0:01:12]} Kg7 {[%emt 0:02:56]} 43. Qe4 {[%emt 0:00:53]} Qd1 {[%emt 0:01:01]} 44. Bg5 {[%emt 0:00:35]} Qd4 {[%emt 0:00:50]} 45. Qe6 {[%emt 0:00:26]} c4 {[%emt 0:00:55]} 46. h4 {[%emt 0:00:38]} Qf2 {[%emt 0:00:30]} 47. Ne4 {[%emt 0:00:25]} Qf5 {[%emt 0:00:19]} 48. Nxd6 {[%emt 0:00:17]} 1-0

[Event "ESP-chT 1st Division 2020"]
[Site "Padron"]
[Date "2020.10.05"]
[Round "3.22"]
[White "Herrera Delgado, Alejandro"]
[Black "Hernando Rodrigo, Jose Maria"]
[Result "0-1"]
[WhiteElo "2280"]
[BlackElo "2311"]
[Annotator "NA"]
[PlyCount "90"]
[EventDate "2020.10.01"]
[EventType "team-tourn"]
[EventCountry "ESP"]
[SourceTitle "playchess.com"]
[Source "ChessBase"]
[SourceQuality "1"]
[TimeControl "5400+30"]

1. e4 {[%emt 0:00:00]} c5 {[%emt 0:00:00]} 2. Nf3 {[%emt 0:01:04]} Nc6 {[%emt 0:01:26]} 3. Nc3 {[%emt 0:00:30]} Nf6 {[%emt 0:00:35]} 4. d4 {[%emt 0:00:43]} cxd4 {[%emt 0:00:12]} 5. Nxd4 {[%emt 0:00:05]} e5 {[%emt 0:00:22]} 6. Ndb5 {[%emt 0:01:32]} h6 {[%emt 0:00:29]} 7. Nd6+ {[%emt 0:21:19]} Bxd6 {[%emt 0:03:27]} 8. Qxd6 {[%emt 0:00:06]} Qe7 {[%emt 0:00:26]} 9. Qd1 {[%emt 0:04:28]} O-O {[%emt 0:05:37]} 10. Bd3 {[%emt 0:17:54]} d6 {[%emt 0:16:34]} 11. Bc4 {[%emt 0:06:30]} Be6 {[%emt 0:12:33]} 12. Nd5 {[%emt 0:01:36]} Qd8 {[%emt 0:06:05]} 13. Nxf6+ {[%emt 0:01:07]} Qxf6 {[%emt 0:00:08]} 14. Bd5 {[%emt 0:00:11]} Qg6 {[%emt 0:12:01]} 15. O-O {[%emt 0:04:34]} Bh3 {[%emt 0:01:02]} 16. Qf3 {[%emt 0:01:52]} Bg4 {[%emt 0:00:07]} 17. Qd3 {[%emt 0:10:11]} Nb4 {[%emt 0:04:25]} 18. Qb3 {[%emt 0:00:17]} Nxd5 {[%emt 0:00:17]} 19. exd5 {[%emt 0:00:45]} Bf5 {[%emt 0:03:08]} 20. Qg3 {[%emt 0:10:21]} Qxg3 {[%emt 0:04:03]} 21. hxg3 {[%emt 0:00:12]} Bxc2 {[%emt 0:00:06]} 22. b3 {[%emt 0:00:06]} Rac8 {[%emt 0:04:36]} 23. Ba3 {[%emt 0:00:52]} Rfd8 {[%emt 0:00:24]} 24. Rac1 {[%emt 0:00:10]} Kf8 {[%emt 0:00:19]} 25. Rfe1 {[%emt 0:00:17]} Ke8 {[%emt 0:08:29]} 26. Re2 {[%emt 0:10:31]} Bf5 {[%emt 0:00:22]} 27. Rxc8 {[%emt 0:00:14]} Bxc8 {[%emt 0:00:06]} 28. Rc2 {[%emt 0:00:03]} Bf5 {[%emt 0:00:14]} 29. Rc7 {[%emt 0:00:33]} Rd7 {[%emt 0:00:25]} 30. Rc8+ {[%emt 0:00:14]} Ke7 {[%emt 0:00:22]} 31. Kf1 {[%emt 0:05:07]} Be4 {[%emt 0:02:11]} 32. f3 {[%emt 0:01:43]} Bxd5 {[%emt 0:00:05]} 33. g4 {[%emt 0:00:03]} Be6 {[%emt 0:02:09]} 34. Rg8 {[%emt 0:00:33]} g6 {[%emt 0:00:44]} 35. Rh8 {[%emt 0:00:05]} Rc7 {[%emt 0:00:38]} 36. Rxh6 {[%emt 0:01:12]} Rc2 {[%emt 0:00:21]} 37. Rh1 {[%emt 0:00:59]} a5 {[%emt 0:01:37]} 38. Kg1 {[%emt 0:00:28]} Rxa2 {[%emt 0:00:49]} 39. Bc1 {[%emt 0:00:04]} Bxb3 {[%emt 0:00:24]} 40. Bg5+ {[%emt 0:00:09]} f6 {[%emt 0:01:31]} 41. Rh7+ {[%emt 0:00:04]} Bf7 {[%emt 0:00:04]} 42. Be3 {[%emt 0:00:07]} a4 {[%emt 0:01:47]} 43. g5 {[%emt 0:00:06]} a3 {[%emt 0:00:26]} 44. f4 {[%emt 0:00:48]} Re2 {[%emt 0:01:22]} 45. fxe5 fxe5 {[%emt 0:00:16]} 0-1

[Event "ESP-chT 1st Division 2020"]
[Site "Padron"]
[Date "2020.10.05"]
[Round "3.23"]
[White "Korneev Leskova, Svyatoslav"]
[Black "Garcia Jimenez, Santiago"]
[Result "1-0"]
[WhiteElo "2170"]
[BlackElo "2203"]
[Annotator "NA"]
[PlyCount "59"]
[EventDate "2020.10.01"]
[EventType "team-tourn"]
[EventCountry "ESP"]
[SourceTitle "playchess.com"]
[Source "ChessBase"]
[SourceQuality "1"]
[TimeControl "5400+30"]

1. c4 {[%emt 0:00:00]} g6 {[%emt 0:00:00]} 2. Nc3 {[%emt 0:00:05]} Bg7 {[%emt 0:00:00]} 3. g3 {[%emt 0:00:05]} d6 {[%emt 0:00:30]} 4. Bg2 {[%emt 0:00:08]} c5 {[%emt 0:00:20]} 5. d3 {[%emt 0:00:10]} Nc6 {[%emt 0:00:12]} 6. Qd2 {[%emt 0:00:24]} e5 {[%emt 0:01:25]} 7. h4 {[%emt 0:01:35]} h6 {[%emt 0:03:41]} 8. b3 {[%emt 0:01:04]} Nge7 {[%emt 0:00:47]} 9. Bb2 {[%emt 0:00:15]} a6 {[%emt 0:02:35]} 10. e3 {[%emt 0:00:18]} Rb8 {[%emt 0:00:16]} 11. Nge2 {[%emt 0:00:42]} Nf5 {[%emt 0:06:47]} 12. h5 {[%emt 0:03:31]} g5 {[%emt 0:00:40]} 13. O-O-O {[%emt 0:02:05]} Bd7 {[%emt 0:07:11]} 14. Ne4 {[%emt 0:07:31]} Qc7 {[%emt 0:04:09]} 15. f4 {[%emt 0:15:52]} b5 {[%emt 0:20:42]} 16. N2c3 {[%emt 0:10:39]} Nfe7 {[%emt 0:10:26]} 17. fxg5 {[%emt 0:03:23]} hxg5 {[%emt 0:00:15]} 18. h6 {[%emt 0:02:45]} Bxh6 {[%emt 0:02:51]} 19. Nxg5 {[%emt 0:07:08]} Be6 {[%emt 0:10:43]} 20. Rdf1 {[%emt 0:08:33]} Nf5 {[%emt 0:03:57]} 21. Nd5 {[%emt 0:07:17]} Qd8 {[%emt 0:01:08]} 22. Nxf7 {[%emt 0:01:41]} Kxf7 {[%emt 0:03:29]} 23. g4 {[%emt 0:00:29]} Nb4 {[%emt 0:05:36]} 24. Nxb4 {[%emt 0:02:44]} cxb4 {[%emt 0:00:04]} 25. gxf5 {[%emt 0:00:14]} Bd7 {[%emt 0:00:47]} 26. Bd5+ {[%emt 0:00:18]} Kf6 {[%emt 0:00:25]} 27. d4 {[%emt 0:02:35]} Qe7 {[%emt 0:03:30]} 28. Be6 {[%emt 0:01:30]} Bc6 {[%emt 0:00:30]} 29. dxe5+ {[%emt 0:00:08]} dxe5 {[%emt 0:00:59]} 30. Bxe5+ {[%emt 0:00:21]} 1-0

[Event "ESP-chT 1st Division 2020"]
[Site "Padron"]
[Date "2020.10.05"]
[Round "3.24"]
[White "Perera Borrego, Maria Adela"]
[Black "San Juan Morigosa, Isaura"]
[Result "1-0"]
[WhiteElo "2221"]
[BlackElo "1766"]
[Annotator "NA"]
[PlyCount "51"]
[EventDate "2020.10.01"]
[EventType "team-tourn"]
[EventCountry "ESP"]
[SourceTitle "playchess.com"]
[Source "ChessBase"]
[SourceQuality "1"]
[TimeControl "5400+30"]

1. d4 {[%emt 0:00:00]} g6 {[%emt 0:00:00]} 2. Nf3 {[%emt 0:00:00]} Bg7 {[%emt 0:00:00]} 3. g3 {[%emt 0:00:00]} Nf6 {[%emt 0:00:00]} 4. Bg2 {[%emt 0:00:02]} O-O {[%emt 0:00:02]} 5. O-O {[%emt 0:00:10]} d6 {[%emt 0:00:13]} 6. c4 {[%emt 0:00:15]} c6 {[%emt 0:00:33]} 7. Nc3 {[%emt 0:00:24]} Qc7 {[%emt 0:01:43]} 8. e4 {[%emt 0:02:08]} a5 {[%emt 0:00:21]} 9. h3 {[%emt 0:01:19]} e5 {[%emt 0:00:25]} 10. Be3 {[%emt 0:01:19]} Na6 {[%emt 0:05:06]} 11. Qd2 {[%emt 0:04:41]} Re8 {[%emt 0:00:17]} 12. Rfe1 {[%emt 0:06:39]} Nh5 {[%emt 0:00:33]} 13. Bh6 {[%emt 0:14:53]} Bh8 {[%emt 0:00:06]} 14. Rad1 {[%emt 0:00:29]} f5 {[%emt 0:21:39]} 15. exf5 {[%emt 0:01:57]} gxf5 {[%emt 0:00:06]} 16. Qg5+ {[%emt 0:01:51]} Ng7 {[%emt 0:00:07]} 17. dxe5 {[%emt 0:00:51]} dxe5 {[%emt 0:00:50]} 18. Nxe5 {[%emt 0:08:07]} Nc5 {[%emt 0:00:19]} 19. Ng4 {[%emt 0:10:04]} Rxe1+ {[%emt 0:12:06]} 20. Rxe1 {[%emt 0:00:08]} Nce6 {[%emt 0:08:21]} 21. Nf6+ {[%emt 0:07:12]} Kf7 {[%emt 0:00:42]} 22. Qh4 {[%emt 0:01:06]} Kg6 {[%emt 0:06:05]} 23. g4 {[%emt 0:13:27]} Nc5 {[%emt 0:26:10]} 24. Qg5+ {[%emt 0:01:39]} Kf7 {[%emt 0:00:06]} 25. Bxg7 {[%emt 0:00:17]} Bxg7 {[%emt 0:00:13]} 26. Qxg7+ {[%emt 0:00:22]} 1-0